000 00505nam a2200181Ia 4500
999 _c14865
_d14865
003 OSt
005 20201102100928.0
008 190216s9999||||xx |||||||||||||| ||und||
020 _a9780140127332
040 _coclc
082 _a823
_bDES/T
100 _aDeshpande, Shashi
_96042
245 0 _aThat Long Silence /
_cShashi Deshpande
260 _bPenguin Books,
_c1999.
_aNew Zeland
300 _a196p
650 _aFiction English
942 _cBK
_2ddc
_h823
_iDES/T
_k823
_mDES/T